| 000 | 01024nac a22003017a 4500 | ||
|---|---|---|---|
| 001 | BR7316236 | ||
| 003 | BR-BrBNA | ||
| 005 | 20240105113656.0 | ||
| 008 | 230509b bl.|||m| |||| 00| 0 por d | ||
| 040 |
_aBR-BrBNA _bpor _cBiblioteca Nacional de Agricultura |
||
| 072 | _aL00; L10 | ||
| 090 | _a9600 BR7316236 | ||
| 100 | 1 | _aMiranda, R.M. de | |
| 110 | 1 |
_aDepartamento Nacional da Producao Animal, Rio de Janeiro, GB (Brasil). Inst. de Zootecnia _93210 |
|
| 245 | 1 | _aEstudo dos resultados da incubacao de ovos produzidos e fecundados por reprodutores de diversas idades | |
| 260 | 3 |
_aRio de Janeiro, GB (Brasil): _c1956. |
|
| 300 | _a19 p. | ||
| 490 |
_aPublicacao - Departamento Nacional da Producao Animal. Inst. de Zootecnia (Brazil) _vno. 15 _x |
||
| 500 | _a7 tables; 7 ref.; Summary (En) | ||
| 650 | _aOVO | ||
| 650 | _aGALINHA | ||
| 650 | _aGALO | ||
| 650 | _aINCUBACAO | ||
| 650 | _aFECUNDACAO | ||
| 650 | _aREPRODUTOR | ||
| 909 |
_a202312 _bLúcia Elande _c55 _dLúcia Elande |
||
| 942 |
_2AGRIS _n0 _cMS |
||
| 999 |
_c264927 _d264927 |
||